Sports Quiz

Random Sports or Soccer Quiz

A-League and World Cup players Quiz Stats

Quiz not verified by Sporcle

Challenge
Share
Tweet
Embed
Score 0/58 Timer 10:00
1 Play Today
Country, World Cup(s) Player % Correct
Australia 2006, 2010, 2014Tim Cahill
87.4%
Trinidad and Tobago 2006Dwight Yorke
73.5%
Japan 1998, 2002, 2006Shinji Ono
72.7%
Italy 1998, 2002, 2006Alessandro Del Piero
72.7%
New Zealand 2010Shane Smeltz
68.9%
Spain 2006, 2010, 2014David Villa
68.1%
Australia 2014Mat Ryan
66.7%
England 2002Robbie Fowler
65.9%
Australia 2006, 2010Harry Kewell
64.4%
Australia 2014Mark Milligan
64.1%
Costa Rica 2006Carlos Hernandez
63.9%
England 2002, 2010Emile Heskey
61.2%
Australia 2014Tommy Oar
60.7%
Australia 2014Matt McKay
60.7%
Australia 2006John Aloisi
59.8%
Ireland 2002Damien Duff
56%
France 2006, 2010William Gallas
52.1%
Australia 2010, 2014Mile Jedinak
50.8%
Spain 2006Luis Garcia
50%
Australia 2010Richard Garcia
47.1%
Australia 2014Alex Wilkinson
47%
Brazil 1990, 1994Romario
47%
Denmark 2002, 2010Thomas Sorensen
46.3%
Australia 2006, 2010Jason Culina
46.2%
Australia 2014Matthew Spiranovic
46.2%
Australia 2010Brett Holman
44.7%
Serbia 2010Milos Ninkovic
44.4%
Australia 2014Ivan Franjic
43.6%
Slovakia 2010Filip Holosko
41.7%
Country, World Cup(s) Player % Correct
Australia 2014Mathew Leckie
41%
Australia 2006, 2010Luke Wilkshire
40%
Algeria 2010Karim Matmour
40%
Australia 2006Josh Kennedy
39.5%
Australia 2006, 2010Brett Emerton
38.6%
Slovenia 2010Robert Koren
37.7%
Australia 2006, 2010Lucas Neill
37.2%
Australia 2006, 2010Craig Moore
37.1%
Brazil 2002Juninho
35.6%
Australia 2014Oliver Bozanic
34.2%
Australia 2014Adam Taggart
34.2%
Australia 2014James Troisi
32.5%
New Zealand 2010Jeremy Brockie
31.8%
Australia 2010Michael Beauchamp
30.3%
Australia 2006, 2010Vince Grella
29.8%
Australia 2014Ben Halloran
28.2%
Chile 2010Pablo Contreras
26.9%
Australia 2010David Carney
25%
Australia 2010Carl Valeri
25%
New Zealand 2010Leo Bertos
24.2%
New Zealand 2010Mark Paston
22%
Australia 2006Mile Sterjovski
20.5%
Australia 2006Tony Popovic
20.5%
20%
Australia 2010Nikita Rukavytsya
14.4%
New Zealand 2010Tony Lochhead
13.6%
New Zealand 2010Simon Elliott
4.5%
Costa Rica 2002Steven Bryce
4.5%
New Zealand 2010Jeremy Christie
3%

You're not logged in!

Compare scores with friends on all Sporcle quizzes.
Sign Up with Email
OR
Log In

You Might Also Like...

Show Comments

Extras

Top Quizzes Today


Score Distribution

Your Account Isn't Verified!

In order to create a playlist on Sporcle, you need to verify the email address you used during registration. Go to your Sporcle Settings to finish the process.